R. Gupta's popular master guide UGC NET/SET junior research fellowship and lectureship exam : (Record no. 86842)

MARC details
000 -LEADER
fixed length control field 00704nam a22001937a 4500
005 - DATE AND TIME OF LATEST TRANSACTION
control field 20140811122211.0
010 ## - LCCN (DPL NO)
LC control number ENG-110484
020 ## - INTERNATIONAL STANDARD BOOK NUMBER
International Standard Book Number 9788178123295
Terms of availability 595.00
020 ## - INTERNATIONAL STANDARD BOOK NUMBER
International Standard Book Number 8178123290
Terms of availability 595.00
035 ## - SYSTEM CONTROL NUMBER
System control number EN-94016
037 ## - SOURCE OF ACQUISITION
Source of stock number/acquisition DBAD/PUB
082 ## - DEWEY DECIMAL CLASSIFICATION NUMBER
Classification number 370
100 ## - MAIN ENTRY--PERSONAL NAME
Personal name Ansari, M.S.
245 ## - TITLE STATEMENT
Title R. Gupta's popular master guide UGC NET/SET junior research fellowship and lectureship exam :
Remainder of title education paper II and III as per latest pattern of the exam w.e.f. June 2012 /
Statement of responsibility, etc by M.S. Ansari
260 ## - PUBLICATION, DISTRIBUTION, ETC. (IMPRINT)
Place of publication, distribution, etc New Delhi
Name of publisher, distributor, etc Ramesh Publishing House
Date of publication, distribution, etc 2013
270 ## - ADDRESS
Address 12-H, New Daryaganj Road,
City New Delhi
Postal code 110002
300 ## - PHYSICAL DESCRIPTION
Extent xiv, 896p.
Dimensions 24cm (pbk)
942 ## - ADDED ENTRY ELEMENTS (KOHA)
Source of classification or shelving scheme Dewey Decimal Classification
Item type English Books
Call number suffix ANS
Classification part 370
Holdings
Withdrawn status Lost status Not for loan Collection code Home library Current library Date acquired Source of acquisition Cost, normal purchase price Full call number Barcode Copy number Cost, replacement price Koha item type
    Not For Loan Non-fiction D.B.Act.Division D.B.Act.Division 14/07/2014 DBAD/PUB 595.00 370 ANS EN-94016 1 595.00 English Books

© Delhi Public Library
Hit Counter
free hit counter